[Event "2. Wittelsbacher Weihnachts-Schach-Open"]
[Site "Kelheim"]
[Date "2013.12.28"]
[Round "3.32"]
[White "Brunner, Tobias"]
[Black "Schultes, Christoph"]
[Result "0-1"]
[WhiteElo "1410"]
[BlackElo "2028"]
[PlyCount "114"]
[EventDate "2013.??.??"]
[WhiteTeam "TSV Nittenau"]
[BlackTeam "SK Landau-Dingolfing"]

1. e4 c5 2. Nf3 Nc6 3. Bc4 g6 4. O-O Bg7 5. c3 d6 6. h3 Nf6 7. Re1 O-O 8. d4
cxd4 9. cxd4 d5 10. exd5 Nxd5 11. Qb3 Na5 12. Qc2 Bf5 13. Qe2 Nxc4 14. Qxc4 Qd6
15. Nc3 Be6 16. Nxd5 Bxd5 17. Qc5 Bxf3 18. Qxd6 exd6 19. gxf3 Bxd4 20. Be3 Bf6
21. Red1 Rfd8 22. Rd2 b6 23. Rad1 Rd7 24. Rxd6 Rxd6 25. Rxd6 Bxb2 26. Rd7 Kg7
27. Kg2 Bc3 28. Kg3 Kf6 29. h4 Ke6 30. Rd3 Rc8 31. Bf4 Rc6 32. Re3+ Kd7 33.
Rd3+ Kc8 34. Re3 Bd2 35. Re7 Bxf4+ 36. Kxf4 Rc7 37. Re2 Kb7 38. Kg5 h5 39. Kf6
b5 40. Rb2 Kb6 41. a4 a6 42. axb5 axb5 43. f4 Ka5 44. f5 gxf5 45. Kg5 Rc6 46.
Kxh5 Rg6 47. f4 Rg4 48. Ra2+ Kb6 49. Re2 Rxf4 50. Re7 b4 51. Rxf7 b3 52. Rf8
Kc5 53. Rg8 b2 54. Rg1 Kb4 55. Rb1 Kb3 56. Kg5 Rg4+ 57. Kxf5 Rxh4 0-1

[Event "2. Wittelsbacher Weihnachts-Schach-Open"]
[Site "Kelheim"]
[Date "2013.12.28"]
[Round "3.33"]
[White "Heppert, Lars"]
[Black "Koller, Andreas"]
[Result "1-0"]
[WhiteElo "1927"]
[BlackElo "1350"]
[PlyCount "79"]
[EventDate "2013.??.??"]
[WhiteTeam "Schachklub 1872 im BSV Neuburg"]
[BlackTeam "TSV Mainburg"]

1. c4 e5 2. g3 d6 3. Bg2 Nc6 4. Nc3 Rb8 5. d3 Nf6 6. Nf3 Be7 7. O-O O-O 8. Rb1
Be6 9. b4 a6 10. a4 Nd4 11. Ng5 Qd7 12. e3 Nc6 13. Nxe6 Qxe6 14. Nd5 Qd7 15. b5
Na7 16. Nxc7 axb5 17. axb5 Qxc7 18. b6 Qc5 19. d4 Qa5 20. Bd2 Qa6 21. bxa7 Qxa7
22. Ra1 Qb6 23. Ba5 Qb2 24. Qd3 b5 25. c5 b4 26. Bc7 Rbc8 27. cxd6 Bd8 28. Rfb1
Qc3 29. Qxc3 bxc3 30. Bxd8 e4 31. Bxf6 gxf6 32. Bxe4 Rfd8 33. Bf5 c2 34. Rc1
Rb8 35. d7 Rb2 36. Kf1 Kf8 37. Ke2 Ke7 38. Kd2 h6 39. Rxc2 Rbb8 40. Rac1 1-0

[Event "2. Wittelsbacher Weihnachts-Schach-Open"]
[Site "Kelheim"]
[Date "2013.12.28"]
[Round "3.34"]
[White "Urban, Rudolf"]
[Black "Voigt, Tobias"]
[Result "1-0"]
[WhiteElo "1932"]
[BlackElo "1212"]
[PlyCount "113"]
[EventDate "2013.??.??"]
[WhiteTeam "SC Roter Turm Altstadt"]
[BlackTeam "Schachklub München Südost e.V."]

1. d4 e6 2. Nf3 d5 3. Bf4 c5 4. c3 Nc6 5. e3 cxd4 6. exd4 Bd6 7. Bg3 Qc7 8. Be2
Nge7 9. O-O O-O 10. Bd3 Nf5 11. Bxd6 Qxd6 12. Re1 Re8 13. Bxf5 Bd7 14. Bd3 e5
15. dxe5 Nxe5 16. Nxe5 Rxe5 17. Rxe5 Qxe5 18. Qe2 Re8 19. Qxe5 Rxe5 20. Nd2 g6
21. Nf3 Re6 22. Nd4 Rb6 23. Rb1 a6 24. Kf1 Kg7 25. Bc2 Rd6 26. Re1 Kf6 27. f4
Kg7 28. Kf2 Rf6 29. Kg3 h6 30. Re5 Bc6 31. Bd3 h5 32. Nxc6 bxc6 33. Bxa6 c5 34.
Bb5 Rb6 35. a4 Rd6 36. Kf3 f6 37. Re7+ Kf8 38. Rd7 Rxd7 39. Bxd7 Ke7 40. Bb5
Kd6 41. h4 d4 42. cxd4 cxd4 43. Be8 g5 44. hxg5 fxg5 45. Bxh5 gxf4 46. Kxf4 d3
47. b4 d2 48. b5 d1=Q 49. Bxd1 Kc7 50. a5 Kb7 51. g4 Ka8 52. g5 Kb8 53. g6 Ka8
54. g7 Ka7 55. g8=Q Kb7 56. Bf3+ Ka7 57. Qa8# 1-0

[Event "2. Wittelsbacher Weihnachts-Schach-Open"]
[Site "Kelheim"]
[Date "2013.12.28"]
[Round "3.35"]
[White "Schmidt, Franz"]
[Black "Haxhija, Florim"]
[Result "1-0"]
[WhiteElo "1880"]
[BlackElo "796"]
[PlyCount "67"]
[EventDate "2013.??.??"]
[WhiteTeam "SK Abensberg"]
[BlackTeam "SK Kelheim 1920"]

1. e4 e5 2. Nf3 Nc6 3. Bb5 a6 4. Ba4 b5 5. Bb3 Bb7 6. O-O Nf6 7. Ng5 d5 8. exd5
Nxd5 9. Qf3 f6 10. Bxd5 Nd4 11. Bxb7 Nxf3+ 12. Nxf3 Ra7 13. Bc6+ Kf7 14. d4 Bd6
15. dxe5 Bxe5 16. Nxe5+ fxe5 17. Be3 Qd6 18. Bxa7 Qxc6 19. c3 Qd5 20. Be3 Rd8
21. Nd2 Kg8 22. Nb3 Qd3 23. Nc5 Qg6 24. a4 Rd6 25. axb5 axb5 26. h3 c6 27. Ra8+
Kf7 28. Ra7+ Kg8 29. Rfa1 Rd8 30. Rc7 Qd6 31. Raa7 Qf8 32. Ne6 Rd1+ 33. Kh2 Qf5
34. Ra8+ 1-0

[Event "2. Wittelsbacher Weihnachts-Schach-Open"]
[Site "Kelheim"]
[Date "2013.12.28"]
[Round "3.36"]
[White "Tautz, Helmut"]
[Black "Geitner, Alexander"]
[Result "1-0"]
[WhiteElo "1526"]
[BlackElo "1116"]
[PlyCount "51"]
[EventDate "2013.??.??"]
[WhiteTeam "SK Kelheim 1920"]
[BlackTeam "SC Anderssen Nürnberg 1929 e.V."]

1. e4 e5 2. Bc4 Nf6 3. Nf3 Nc6 4. Ng5 d5 5. exd5 b5 6. Bb3 Nd4 7. c3 Nxb3 8.
Qxb3 Qxd5 9. O-O h6 10. Qxd5 Nxd5 11. Nf3 e4 12. Re1 Nf6 13. d3 Bb7 14. dxe4
Nxe4 15. Nfd2 f5 16. f3 Bc5+ 17. Kh1 O-O 18. fxe4 fxe4 19. Nb3 Bb6 20. Na3 Rf2
21. Be3 Bxe3 22. Rxe3 Raf8 23. h3 R8f3 24. gxf3 Rxf3 25. Rxf3 exf3 26. Kg1 1-0

[Event "2. Wittelsbacher Weihnachts-Schach-Open"]
[Site "Kelheim"]
[Date "2013.12.28"]
[Round "3.37"]
[White "Mühlich, Raphael"]
[Black "Burgard, Manfred"]
[Result "0-1"]
[WhiteElo "781"]
[BlackElo "1411"]
[PlyCount "70"]
[EventDate "2013.??.??"]
[WhiteTeam "SK Kelheim 1920"]
[BlackTeam "Schachfreunde Roding"]

1. e4 c5 2. Nc3 d6 3. Bc4 Nf6 4. Nf3 Nc6 5. d3 e6 6. O-O Be7 7. Be3 a6 8. Qd2
Na5 9. b3 Bd7 10. Rab1 b5 11. Bd5 exd5 12. exd5 b4 13. Ne2 Nxd5 14. Bg5 h6 15.
Bh4 Bxh4 16. Nxh4 Qxh4 17. Rfe1 O-O 18. Ng3 Nc3 19. Ra1 Rfe8 20. a4 Nc6 21. Re3
Rxe3 22. Qxe3 Re8 23. Qd2 Qg5 24. Qxg5 hxg5 25. h3 Ne2+ 26. Nxe2 Rxe2 27. Rc1
Nd4 28. c3 Nxb3 29. Rd1 bxc3 30. Kf1 Rd2 31. Rb1 c2 32. Re1 Rd1 33. Ke2 Rxe1+
34. Kxe1 c1=Q+ 35. Ke2 Nd4# 0-1

[Event "2. Wittelsbacher Weihnachts-Schach-Open"]
[Site "Kelheim"]
[Date "2013.12.28"]
[Round "4.1"]
[White "Krivoborodov, Egor"]
[Black "Maier, Alexander"]
[Result "1-0"]
[WhiteElo "2500"]
[BlackElo "2297"]
[PlyCount "53"]
[EventDate "2013.??.??"]
[WhiteTeam "SC Garching 1980 e.V."]
[BlackTeam "SK Ingolstadt"]

1. e4 Nc6 2. Nf3 e5 3. Bb5 a6 4. Bxc6 dxc6 5. O-O Bg4 6. h3 Bh5 7. g4 Bg6 8.
Nxe5 Qh4 9. Qf3 Bd6 10. Nxg6 hxg6 11. e5 Bc5 12. Kg2 O-O-O 13. c3 Ne7 14. d4
Ba7 15. Qg3 Qh7 16. Bg5 Nd5 17. Bxd8 Nf4+ 18. Kf3 g5 19. Bxg5 Qd3+ 20. Kxf4
Qxf1 21. Qe3 Kd7 22. h4 Rf8 23. h5 Re8 24. h6 f6 25. hxg7 fxg5+ 26. Kxg5 Ke6
27. Qf4 1-0

[Event "2. Wittelsbacher Weihnachts-Schach-Open"]
[Site "Kelheim"]
[Date "2013.12.28"]
[Round "4.2"]
[White "Gießmann, Stephan"]
[Black "Berchtenbreiter, Maximilian"]
[Result "1-0"]
[WhiteElo "2259"]
[BlackElo "2410"]
[PlyCount "153"]
[EventDate "2013.??.??"]
[WhiteTeam "SK Kelheim 1920"]
[BlackTeam "SG Pang-Rosenheim 1910 e.V."]

1. d4 g6 2. Nf3 Bg7 3. Bf4 d6 4. c3 Nd7 5. e4 e5 6. Bg5 Ngf6 7. Nbd2 Qe7 8. Bd3
c6 9. O-O h6 10. Bh4 g5 11. Bg3 Nh5 12. dxe5 dxe5 13. Nc4 Nxg3 14. hxg3 Nb6 15.
Nfd2 Nxc4 16. Nxc4 Be6 17. Ne3 h5 18. Bc4 g4 19. Qe2 Bh6 20. Rad1 Rd8 21. Rxd8+
Kxd8 22. Rd1+ Kc8 23. Bxe6+ fxe6 24. Nc4 Bg7 25. Qe3 b6 26. Qd3 Kc7 27. Ne3 b5
28. c4 Rd8 29. Qxd8+ Qxd8 30. Rxd8 Kxd8 31. cxb5 cxb5 32. b4 a5 33. a3 a4 34.
f3 gxf3 35. gxf3 Bh6 36. Nc2 Ke7 37. Kg2 Kf6 38. Kh3 Kg5 39. Ne3 Bf8 40. Nd1
Bh6 41. Nc3 Kg6 42. Nxb5 Bd2 43. Kg2 Kf6 44. Kf2 Ke7 45. Ke2 Bc1 46. Nc3 Bxa3
47. b5 Bc5 48. Nxa4 Bd4 49. Kf1 Kd6 50. Kg2 Be3 51. Kh3 Bg5 52. b6 Be7 53. b7
Kc7 54. Nb6 Kxb7 55. Nd7 Kc6 56. Nxe5+ Kd6 57. Ng6 Bg5 58. f4 Bd8 59. Kg2 Kc5
60. Kf3 Kd4 61. e5 Kd5 62. Nh8 Be7 63. Nf7 Kd4 64. Nh8 Kd5 65. Ng6 Bd8 66. Nf8
Be7 67. Nd7 h4 68. Nf6+ Kd4 69. gxh4 Bf8 70. h5 Kd3 71. Kg4 Ke3 72. Kg5 Bg7 73.
Ne8 Bf8 74. Nc7 Be7+ 75. Kg4 Ke4 76. Nxe6 Kd5 77. Kf5 1-0

[Event "2. Wittelsbacher Weihnachts-Schach-Open"]
[Site "Kelheim"]
[Date "2013.12.28"]
[Round "4.3"]
[White "Kreuzer, Martin"]
[Black "Spieß, Martin"]
[Result "1-0"]
[WhiteElo "2340"]
[BlackElo "2147"]
[PlyCount "83"]
[EventDate "2013.??.??"]
[WhiteTeam "SK Kelheim 1920"]
[BlackTeam "SK Ingolstadt"]

1. e4 c5 2. Nf3 d6 3. d4 cxd4 4. Nxd4 Nf6 5. Nc3 a6 6. Be2 e5 7. Nb3 Be7 8. O-O
O-O 9. Be3 Be6 10. Nd5 Nxd5 11. exd5 Bf5 12. c4 Nd7 13. Qd2 a5 14. Rac1 Bg6 15.
Kh1 a4 16. Na1 Nc5 17. Nc2 Ne4 18. Qb4 Bg5 19. f4 Bxf4 20. Bxf4 exf4 21. Rxf4
Qg5 22. Rcf1 Rae8 23. Bd1 Nc5 24. Qc3 Bxc2 25. Bxc2 Re2 26. Qf3 Qe7 27. Bxh7+
Kxh7 28. Qh3+ Kg8 29. Rh4 Qxh4 30. Qxh4 Rxb2 31. Qe7 Rxa2 32. Qxd6 Ne4 33. Qf4
Nd2 34. Rd1 Rc2 35. Qd4 Re8 36. d6 Nxc4 37. d7 Rd8 38. Qd3 Rd2 39. Rxd2 Nxd2
40. Qe3 Kf8 41. Qc5+ Kg8 42. Qe7 1-0

[Event "2. Wittelsbacher Weihnachts-Schach-Open"]
[Site "Kelheim"]
[Date "2013.12.28"]
[Round "4.4"]
[White "Ziegler, Michael"]
[Black "Zankl, Stephan"]
[Result "1-0"]
[WhiteElo "2171"]
[BlackElo "1526"]
[PlyCount "51"]
[EventDate "2013.??.??"]
[WhiteTeam "SC Prichsenstadt"]
[BlackTeam "TSV Nittenau"]

1. d4 d5 2. Nf3 Bg4 3. Ne5 h5 4. c4 dxc4 5. Nc3 Nf6 6. Qa4+ c6 7. Qxc4 Be6 8.
Qd3 Nbd7 9. Nf3 Qa5 10. Bd2 O-O-O 11. Qc2 Qf5 12. e4 Qg4 13. h3 Qg6 14. Nh4 Qh7
15. Bd3 Bc4 16. Bxc4 Nb6 17. Bxf7 Rxd4 18. Bg6 Qg8 19. Be3 e5 20. O-O Qc4 21.
Rac1 Bb4 22. Nf3 Rhd8 23. Nxe5 Qc5 24. Nf3 Bxc3 25. bxc3 Qb5 26. cxd4 1-0

[Event "2. Wittelsbacher Weihnachts-Schach-Open"]
[Site "Kelheim"]
[Date "2013.12.28"]
[Round "4.6"]
[White "Eibl, Maximilian"]
[Black "Kümpers, Ulrich"]
[Result "0-1"]
[WhiteElo "2168"]
[BlackElo "2011"]
[PlyCount "104"]
[EventDate "2013.??.??"]
[WhiteTeam "SK Kelheim 1920"]
[BlackTeam "SC Tarrasch 45 München"]

1. e4 c6 2. d4 d5 3. e5 Bf5 4. Nc3 e6 5. g4 Bg6 6. Nge2 Ne7 7. f4 h5 8. f5 exf5
9. g5 Na6 10. Nf4 Nc7 11. Be3 Ne6 12. h4 Qd7 13. Qd2 Nxf4 14. Bxf4 Nc8 15. Na4
Qe6 16. O-O-O Nb6 17. Nc5 Bxc5 18. dxc5 Nd7 19. Qb4 O-O 20. c4 Rfe8 21. cxd5
cxd5 22. Bg2 Rac8 23. Bxd5 Qe7 24. Kb1 Nxc5 25. Qa3 b6 26. Rc1 Kh7 27. Qf3 Ne4
28. Qe3 Qb4 29. a3 Qb5 30. Bb7 Rxc1+ 31. Rxc1 Rd8 32. Bc6 Qd3+ 33. Qxd3 Rxd3
34. Bb5 Rf3 35. Rf1 Rh3 36. Bc6 Rxh4 37. Bxe4 fxe4 38. Be3 Rh3 39. Re1 Bf5 40.
Kc2 h4 41. Kc3 Rf3 42. Kd4 h3 43. a4 Kg6 44. b4 Kh5 45. Rg1 g6 46. a5 bxa5 47.
bxa5 a6 48. Re1 Kg4 49. Rg1+ Rg3 50. Rf1 h2 51. Rf4+ Kh3 52. Rf1 Rxe3 0-1

[Event "2. Wittelsbacher Weihnachts-Schach-Open"]
[Site "Kelheim"]
[Date "2013.12.28"]
[Round "4.7"]
[White "Fuhrmann, Max"]
[Black "Seitner, Ralf"]
[Result "1/2-1/2"]
[WhiteElo "2130"]
[BlackElo "1902"]
[PlyCount "36"]
[EventDate "2013.??.??"]
[WhiteTeam "SK Kelheim 1920"]
[BlackTeam "SK Ingolstadt"]

1. e4 c6 2. Nc3 d5 3. Nf3 dxe4 4. Nxe4 Bf5 5. Ng3 Bg6 6. h4 h6 7. Ne5 Qd6 8.
Nxg6 Qxg6 9. d4 Qd6 10. c3 e6 11. Ne4 Qd8 12. Bf4 Nf6 13. Bd3 Nxe4 14. Bxe4 Nd7
15. Qc2 Nf6 16. Bf3 Bd6 17. Bd2 Qc7 18. c4 O-O-O 1/2-1/2

[Event "2. Wittelsbacher Weihnachts-Schach-Open"]
[Site "Kelheim"]
[Date "2013.12.28"]
[Round "4.8"]
[White "Kammer, Christoph"]
[Black "Nöckler, Alexander"]
[Result "1-0"]
[WhiteElo "2004"]
[BlackElo "1976"]
[PlyCount "123"]
[EventDate "2013.??.??"]
[WhiteTeam "TSV Nittenau"]
[BlackTeam "Schachklub Weiden 1907"]

1. e4 c5 2. Nc3 d6 3. f4 Nc6 4. Nf3 a6 5. a4 e6 6. d4 cxd4 7. Nxd4 Bd7 8. Be3
Nf6 9. Nxc6 Bxc6 10. Bd3 d5 11. e5 d4 12. exf6 dxe3 13. O-O Qxf6 14. Qe2 Qd4
15. Nd1 Rd8 16. Qxe3 Bc5 17. Qxd4 Rxd4 18. Kh1 Bxa4 19. b4 Rxb4 20. c3 Bb5 21.
cxb4 Bxd3 22. Rf3 Be2 23. bxc5 Bxf3 24. gxf3 Kd7 25. Rb1 Rc8 26. Rxb7+ Ke8 27.
Ra7 Rxc5 28. Rxa6 Rc4 29. Kg2 Rxf4 30. Ra7 Kf8 31. Nc3 g5 32. Kg3 Kg7 33. Ne4
h6 34. Rb7 Kg6 35. Re7 h5 36. Re8 h4+ 37. Kg2 f5 38. Rxe6+ Kg7 39. Nxg5 Rb4 40.
Rd6 Ra4 41. Rd4 Ra2+ 42. Kh3 Kf6 43. f4 Rf2 44. Ra4 Kg6 45. Kxh4 Rxh2+ 46. Kg3
Rb2 47. Ra6+ Kh5 48. Rf6 Rb3+ 49. Nf3 Rb5 50. Nd4 Rb3+ 51. Kf2 Rb4 52. Ke3 Ra4
53. Rxf5+ Kg6 54. Rb5 Ra1 55. Rb6+ Kf7 56. Ke4 Re1+ 57. Kf5 Re7 58. Rf6+ Kg7
59. Ne6+ Kh7 60. Rf8 Ra7 61. Kf6 Ra5 62. Ng5+ 1-0

[Event "2. Wittelsbacher Weihnachts-Schach-Open"]
[Site "Kelheim"]
[Date "2013.12.28"]
[Round "4.9"]
[White "Meul, Willi"]
[Black "Nussbaumer Johann"]
[Result "1/2-1/2"]
[WhiteElo "1867"]
[BlackElo "2014"]
[PlyCount "46"]
[EventDate "2013.??.??"]
[WhiteTeam "SV 1925 Hürth-Berrenrath"]
[BlackTeam "ASK St. Valentin"]

1. d4 d5 2. Nf3 c6 3. e3 e6 4. Bd3 f5 5. c4 Nf6 6. Nc3 Bd6 7. c5 Bc7 8. b4 O-O
9. O-O Ne4 10. Qc2 Nd7 11. Bb2 e5 12. dxe5 Nxe5 13. Nxe5 Bxe5 14. Ne2 Qf6 15.
Bxe5 Qxe5 16. a4 a6 17. f4 Qe7 18. Bxe4 fxe4 19. a5 Bd7 20. Rf2 Rf6 21. Raf1
Raf8 22. Nd4 g6 23. Qe2 R6f7 1/2-1/2

[Event "2. Wittelsbacher Weihnachts-Schach-Open"]
[Site "Kelheim"]
[Date "2013.12.28"]
[Round "4.10"]
[White "Maurer, Heinrich"]
[Black "Obermeier, Johannes"]
[Result "1-0"]
[WhiteElo "2115"]
[BlackElo "1647"]
[PlyCount "53"]
[EventDate "2013.??.??"]
[WhiteTeam "SK Kelheim 1920"]
[BlackTeam "SK Kelheim 1920"]

1. e4 e5 2. Nf3 Nc6 3. Bc4 Bc5 4. d3 d6 5. c3 Nf6 6. O-O O-O 7. Be3 Bxe3 8.
fxe3 Na5 9. Bb5 c6 10. Ba4 b5 11. Bc2 c5 12. Nbd2 Bb7 13. Qe1 Qc7 14. Qg3 g6
15. Qh4 Kg7 16. Nxe5 Nxe4 17. Nxe4 Bxe4 18. Qf6+ Kg8 19. Ng4 h5 20. Nh6+ Kh7
21. dxe4 Kxh6 22. b3 Nc6 23. Rad1 Rad8 24. Rd5 Rd7 25. Rxh5+ Kxh5 26. Rf4 g5
27. g4+ 1-0

[Event "2. Wittelsbacher Weihnachts-Schach-Open"]
[Site "Kelheim"]
[Date "2013.12.28"]
[Round "4.11"]
[White "Schmitz, Björn"]
[Black "Simons, Peter"]
[Result "0-1"]
[WhiteElo "1742"]
[BlackElo "1985"]
[PlyCount "124"]
[EventDate "2013.??.??"]
[WhiteTeam "SV Saal/Donau e.V.SAbt"]
[BlackTeam "Verein Rheinbacher Schachfreunde"]

1. d4 Nf6 2. c4 c5 3. d5 b5 4. cxb5 a6 5. bxa6 g6 6. g3 Bg7 7. Bg2 d6 8. Nc3
Bxa6 9. Nf3 O-O 10. h4 h5 11. Qc2 Nbd7 12. O-O Qb6 13. Bg5 Rfb8 14. Rab1 Bc4
15. b3 Bxd5 16. Nxd5 Nxd5 17. Ne5 dxe5 18. Bxd5 Ra7 19. e4 e6 20. Bc4 Rba8 21.
a4 Nb8 22. Bb5 Nc6 23. Bxc6 Qxc6 24. Be3 Bf8 25. Rfc1 Rb8 26. b4 Rxa4 27. bxc5
Rc8 28. Qd3 Qa8 29. Qd7 Ra7 30. Qd3 Rac7 31. Qb5 Qxe4 32. Rb4 Qd5 33. Rbc4 Rc6
34. Qb4 Be7 35. R1c2 Kg7 36. Rd2 Qf3 37. Qc3 Qf5 38. Kg2 Bf6 39. Qc2 Qxc2 40.
Rdxc2 Be7 41. Bg5 Rxc5 42. Rxc5 Rxc5 43. Rxc5 Bxc5 44. f3 Kf8 45. Bf6 Bd6 46.
Kf2 Bc5+ 47. Ke2 Bd6 48. Ke3 Ke8 49. Ke4 Kd7 50. Ke3 Be7 51. Bxe5 Bd6 52. Ke4
Bxe5 53. Kxe5 Ke7 54. g4 f6+ 55. Ke4 Kd6 56. gxh5 gxh5 57. Kd4 e5+ 58. Ke4 Ke6
59. Ke3 f5 60. Kd3 Kd5 61. Kc3 e4 62. fxe4+ Kxe4 0-1

[Event "2. Wittelsbacher Weihnachts-Schach-Open"]
[Site "Kelheim"]
[Date "2013.12.28"]
[Round "4.12"]
[White "Watzenberger, Stefan"]
[Black "Schindler, Tobias"]
[Result "1-0"]
[WhiteElo "2044"]
[BlackElo "1594"]
[PlyCount "69"]
[EventDate "2013.??.??"]
[WhiteTeam "SC Sendling e.V."]
[BlackTeam "SK Kelheim 1920"]

1. e4 c6 2. Nc3 d5 3. Nf3 dxe4 4. Nxe4 Bf5 5. Ng3 Bg6 6. h4 h6 7. h5 Bh7 8. d4
e6 9. Bd3 Bxd3 10. Qxd3 Nd7 11. Bf4 Qa5+ 12. Bd2 Bb4 13. Ne4 Ngf6 14. Nd6+ Ke7
15. Nc4 Bxd2+ 16. Nfxd2 Qg5 17. Nf3 Qb5 18. a4 Qd5 19. Qa3+ c5 20. Ne3 Qc6 21.
O-O-O Rhd8 22. Nc4 Ng4 23. Rhe1 Kf8 24. Rd2 Kg8 25. Red1 Rdc8 26. Nfe5 Ngxe5
27. dxe5 Nb6 28. Nd6 Rf8 29. a5 Nd5 30. Kb1 b5 31. Qf3 b4 32. Rxd5 exd5 33.
Qxd5 Qa4 34. Nxf7 Qe8 35. Nd6+ 1-0

[Event "2. Wittelsbacher Weihnachts-Schach-Open"]
[Site "Kelheim"]
[Date "2013.12.28"]
[Round "4.13"]
[White "Zeindlmeier, Thomas"]
[Black "Müller, Johannes"]
[Result "1-0"]
[WhiteElo "2033"]
[BlackElo "1580"]
[PlyCount "85"]
[EventDate "2013.??.??"]
[WhiteTeam "SK Ingolstadt"]
[BlackTeam "SK Kelheim 1920"]

1. e4 e5 2. Nf3 Nc6 3. d4 exd4 4. Nxd4 Nf6 5. Nxc6 bxc6 6. e5 Qe7 7. Qe2 Nd5 8.
c4 Nb6 9. Nd2 Bb7 10. b3 O-O-O 11. Bb2 Re8 12. O-O-O f6 13. Re1 Qc5 14. Ne4 Qa5
15. exf6 gxf6 16. Nd6+ cxd6 17. Qxe8+ Kc7 18. Kb1 Bh6 19. Qe2 Rb8 20. Rd1 Ba6
21. Qc2 f5 22. Ka1 Bf4 23. Bd3 Na4 24. Rhe1 Nxb2 25. Kxb2 Be5+ 26. Kb1 Qb4 27.
Rxe5 dxe5 28. Bxf5 d6 29. Bd3 h6 30. f3 Bc8 31. Be4 a5 32. Qd2 Qc5 33. Ka1 a4
34. Bc2 axb3 35. Bxb3 Qa3 36. Qb2 Rxb3 37. Qxb3 Qc5 38. Qa4 Bf5 39. g4 Bg6 40.
Qb3 Qf2 41. Qa3 d5 42. cxd5 cxd5 43. Qe7+ 1-0

[Event "2. Wittelsbacher Weihnachts-Schach-Open"]
[Site "Kelheim"]
[Date "2013.12.28"]
[Round "4.14"]
[White "Seidenschwarz, Holger"]
[Black "Braun, Kristin"]
[Result "1-0"]
[WhiteElo "1982"]
[BlackElo "1780"]
[PlyCount "97"]
[EventDate "2013.??.??"]
[WhiteTeam "SC 1947 Beilngries"]
[BlackTeam "SC Forchheim e.V."]

1. e4 d5 2. exd5 Nf6 3. Nf3 Nxd5 4. g3 g6 5. Bg2 Bg7 6. O-O O-O 7. d4 Nc6 8. c3
Nb6 9. Nbd2 e5 10. Nxe5 Nxe5 11. dxe5 Bxe5 12. Ne4 Qxd1 13. Rxd1 c6 14. Bh6 Bg7
15. Bxg7 Kxg7 16. Nd6 Rb8 17. Nxc8 Rbxc8 18. Rd4 Rfe8 19. Kf1 Rc7 20. a4 Rd7
21. Rxd7 Nxd7 22. a5 Re6 23. Rd1 Nf6 24. Rd8 Re8 25. Rxe8 Nxe8 26. a6 bxa6 27.
Bxc6 Nd6 28. Ke2 Kf6 29. b4 Ke6 30. Kd3 Ke7 31. c4 Kd8 32. g4 Kc7 33. Bd5 f6
34. h4 g5 35. hxg5 fxg5 36. Kd4 Kd7 37. Ke5 Ke7 38. c5 Nb5 39. Bb7 Nc7 40. Kf5
Kf7 41. Kxg5 a5 42. bxa5 Ne6+ 43. Kh6 Nxc5 44. Bd5+ Kf8 45. Kxh7 Nd7 46. g5 Ke7
47. Ba2 Nf8+ 48. Kh6 Nd7 49. g6 1-0

[Event "2. Wittelsbacher Weihnachts-Schach-Open"]
[Site "Kelheim"]
[Date "2013.12.28"]
[Round "4.15"]
[White "Goderbauer, Josef"]
[Black "Schwenck, Mathias"]
[Result "0-1"]
[WhiteElo "1703"]
[BlackElo "1920"]
[PlyCount "102"]
[EventDate "2013.??.??"]
[WhiteTeam "SC Moosburg 1956 e.V."]
[BlackTeam "SC Moosburg 1956 e.V."]

1. b3 e5 2. Bb2 Nc6 3. e4 Bc5 4. Qg4 Qf6 5. f4 h5 6. Qg5 Nd4 7. Bxd4 Bxd4 8. c3
exf4 9. Qxf6 Bxf6 10. Nf3 d6 11. d4 Bg4 12. Nbd2 O-O-O 13. Bd3 g5 14. h4 Bxf3
15. Nxf3 g4 16. Nd2 Ne7 17. Kf2 Ng6 18. g3 f3 19. Rac1 Bg7 20. Nc4 Ne7 21. Ne3
Bh6 22. Rhe1 Rhf8 23. Rcd1 Bxe3+ 24. Rxe3 Kd7 25. e5 f5 26. c4 Nc6 27. e6+ Ke7
28. Bf1 Rf6 29. d5 Ne5 30. Rde1 Ng6 31. Bd3 f4 32. Re4 fxg3+ 33. Kxg3 f2 34.
Rd1 Rf3+ 35. Kg2 Nf4+ 36. Rxf4 Rxf4 37. Bf1 Rg8 38. Rd3 Rgf8 39. a4 Rf3 40.
Rxf3 Rxf3 41. b4 Rb3 42. b5 Rh3 43. Kxf2 Rxh4 44. Kg1 b6 45. Kf2 Rh1 46. Ke1
Rh2 47. Be2 g3 48. Kf1 Rf2+ 49. Ke1 h4 50. Bf1 Ra2 51. Be2 Ra1+ 0-1

[Event "2. Wittelsbacher Weihnachts-Schach-Open"]
[Site "Kelheim"]
[Date "2013.12.28"]
[Round "4.16"]
[White "Dietl, Harald"]
[Black "Blodig, Constantin"]
[Result "1/2-1/2"]
[WhiteElo "1798"]
[BlackElo "1932"]
[PlyCount "149"]
[EventDate "2013.??.??"]
[WhiteTeam "SK Abensberg"]
[BlackTeam "SK Kelheim 1920"]

1. f4 d5 2. Nf3 Nf6 3. e3 c5 4. c3 Nc6 5. d4 cxd4 6. cxd4 Bf5 7. Bd3 Bxd3 8.
Qxd3 e6 9. O-O Bd6 10. Nc3 O-O 11. Ne5 Rc8 12. a3 Na5 13. b4 Nc4 14. b5 Qa5 15.
Nxc4 Rxc4 16. Bd2 Qc7 17. Rfc1 Rc8 18. h3 h6 19. g4 Be7 20. Ne2 Ne4 21. Rxc4
Qxc4 22. Qxc4 Rxc4 23. Ra2 b6 24. Kg2 Nxd2 25. Rxd2 Ra4 26. Rd3 Ra5 27. Rb3
Bxa3 28. f5 Bd6 29. Nc3 Kf8 30. Kf3 Ra1 31. fxe6 fxe6 32. e4 dxe4+ 33. Nxe4 Ke7
34. Nf2 Ra4 35. Ke3 e5 36. dxe5 Bc5+ 37. Kf3 Bxf2 38. Kxf2 Ke6 39. Rc3 Kxe5 40.
Rc7 Kf6 41. Kg3 Ra3+ 42. Kg2 Rb3 43. Rxa7 Rxb5 44. Kg3 Rb3+ 45. Kg2 b5 46. Rb7
b4 47. Rb5 Rb1 48. h4 b3 49. g5+ hxg5 50. hxg5+ Kg6 51. Kh2 b2 52. Kg2 Kh5 53.
Kh2 g6 54. Kg2 Kg4 55. Kh2 Kf4 56. Kg2 Ke4 57. Rb6 Kd3 58. Kh2 Rd1 59. Rxb2
Rd2+ 60. Rxd2+ Kxd2 61. Kg3 Ke3 62. Kg4 Ke4 63. Kg3 Kf5 64. Kf3 Kxg5 65. Kg3
Kf5 66. Kf3 g5 67. Kg3 g4 68. Kg2 Kf4 69. Kf2 g3+ 70. Kg1 Kg4 71. Kg2 Kh4 72.
Kg1 Kh3 73. Kh1 Kh4 74. Kg1 Kg4 75. Kg2 1/2-1/2

[Event "2. Wittelsbacher Weihnachts-Schach-Open"]
[Site "Kelheim"]
[Date "2013.12.28"]
[Round "4.17"]
[White "Adlhoch, Walter"]
[Black "Belz, Frank-Martin"]
[Result "0-1"]
[WhiteElo "1258"]
[BlackElo "2002"]
[PlyCount "86"]
[EventDate "2013.??.??"]
[WhiteTeam "SK Schwandorf"]
[BlackTeam "SK Freising"]

1. c4 c6 2. d4 d5 3. Nc3 dxc4 4. e3 Be6 5. Nf3 Nf6 6. Ne5 Nbd7 7. Nxc4 Bf5 8.
Bd3 Bxd3 9. Qxd3 e6 10. O-O Be7 11. b3 b5 12. Nd2 O-O 13. Bb2 a6 14. Rac1 c5
15. Nce4 cxd4 16. Bxd4 Qa5 17. Rc2 Rfd8 18. Qc3 Qxc3 19. Rxc3 e5 20. Nxf6+ Bxf6
21. Bxe5 Bxe5 22. Rd3 Nf6 23. Rxd8+ Rxd8 24. Nf3 Bb2 25. Rb1 Rc8 26. Kf1 Rc1+
27. Rxc1 Bxc1 28. Nd4 Ba3 29. Ke2 Kf8 30. f3 Nd5 31. Kd3 Nb4+ 32. Kd2 Nxa2 33.
Nc2 Bb2 34. e4 Ke7 35. Ke3 Kd6 36. Nd4 Bxd4+ 37. Kxd4 Nb4 38. e5+ Kc6 39. f4 a5
40. g4 a4 41. bxa4 bxa4 42. Kc4 a3 43. Kb3 a2 0-1

[Event "2. Wittelsbacher Weihnachts-Schach-Open"]
[Site "Kelheim"]
[Date "2013.12.28"]
[Round "4.18"]
[White "Weigert, Wilhelm"]
[Black "Voith, Walter"]
[Result "1-0"]
[WhiteElo "2021"]
[BlackElo "1677"]
[PlyCount "49"]
[EventDate "2013.??.??"]
[WhiteTeam "SK Kelheim 1920"]
[BlackTeam "TSV Oberviechtach"]

1. c4 Nf6 2. Nc3 e6 3. e4 d6 4. Nf3 Nc6 5. Be2 e5 6. d4 exd4 7. Nxd4 Nxd4 8.
Qxd4 Be7 9. b3 Bd7 10. Bb2 Bc6 11. Nd5 O-O 12. O-O Ne8 13. Nxe7+ Qxe7 14. Bd3
f6 15. f4 Qe6 16. Rae1 b6 17. Re3 Rd8 18. Rg3 Rd7 19. Re1 d5 20. cxd5 Bxd5 21.
Qc3 Re7 22. f5 Qd6 23. exd5 Rxe1+ 24. Qxe1 Qc5+ 25. Qe3 1-0

[Event "2. Wittelsbacher Weihnachts-Schach-Open"]
[Site "Kelheim"]
[Date "2013.12.28"]
[Round "4.19"]
[White "Fröhlich, Manuel"]
[Black "Goderbauer, Benedikt"]
[Result "1/2-1/2"]
[WhiteElo "1727"]
[BlackElo "1760"]
[PlyCount "85"]
[EventDate "2013.??.??"]
[WhiteTeam "TSV Oberviechtach"]
[BlackTeam "SC Moosburg 1956 e.V."]

1. d4 Nf6 2. c4 g6 3. f3 Bg7 4. e4 d6 5. Nc3 O-O 6. Be3 e5 7. d5 a5 8. Bd3 Na6
9. a3 Bd7 10. Nge2 Nh5 11. g4 Nf6 12. Qd2 b6 13. Ng3 Nc5 14. Bc2 Ne8 15. O-O
Qh4 16. Bg5 Qh3 17. Nd1 f6 18. Nf2 Qxf1+ 19. Rxf1 fxg5 20. Nd3 Bf6 21. b4 Nxd3
22. Bxd3 axb4 23. axb4 Ng7 24. b5 Be7 25. Qc3 Ra7 26. Ne2 Rfa8 27. Nc1 Ra3 28.
Qb2 h6 29. Kg2 Bd8 30. Rf2 Kf7 31. Rc2 Kf8 32. Rc3 R3a7 33. Bb1 Bc8 34. Qc2 Be7
35. Rb3 Bd8 36. Rb2 Ke8 37. Ra2 Kf8 38. Rxa7 Rxa7 39. Nd3 Be7 40. Nb4 Bb7 41.
Qb3 Ra8 42. Nd3 Bc8 43. Nb4 1/2-1/2